000 00560nam a22001577a 4500
003 OSt
005 20151211160022.0
008 151211b xxu||||| |||| 00| 0 eng d
040 _cRUA
082 _aATM.s PUT 2004 B200 Or.1
100 _94729
_aPUTH, SUNLY.
245 _aFishing gears in boeung chunlen community, ប្រភេទឧបករណ៍នេសាទដែលប្រើប្រាស់ក្នុងសហគមន៍បឹងជន្លេន
260 _aPhnom Penh
_bRUA
_c2004
300 _aiv; 34p.
_bill.
_c29cm.
942 _2ddc
_cATMSP
999 _c4407
_d4407